000
00239nmm a2200085Ia 4500
008
220120s9999||||xx |||||||||||||||||und||
100
_a
Digit
245
4
_a
The advantures of sherlock holmes, the adventures of tom saw
260
_a
Nine dot Nine
999
_c
139949
_d
139949